000 00535nam a2200169 i 4500
001 26673
003 ES-MaACL
005 20241229173210.0
007 t|
008 030110s1909 fr ||||1| spa d
100 1 _aArzadún Zabala, Juan.
_923524
245 1 4 _aLas brujas de Fuenterrabía
_b: proceso del siglo XVII, el 6 de mayo de 1611 en Fuenterrabía /
_cJuan Arzadún Zabala.
260 _aParís :
_b[s.n.,
_c1909] (
_fPaul Geuthier)
852 _aES-MaACL
_jT-1189-F-6
942 _2udc
999 _c26673
_d26673